Every SNL host - Part 5 - Statistics

General Stats
  • This quiz has been taken 38 times
    20 since last reset
  • The average score is 52 of 197
Answer Stats
Season Episode Host % Correct
43 21 Tina Fey
80%
41 9 Tina Fey/AmyPoehler
80%
45 10 Eddie Murphy
70%
42 7 Kristen Wiig
70%
45 18^ Kristen Wiig
70%
46 9 Kristen Wiig
70%
49 16 Kristen Wiig
70%
46 15 Maya Rudolph
70%
49 19 Maya Rudolph
70%
44 19 Adam Sandler
60%
43 16 Bill Hader
60%
49 10 Dakota Johnson
60%
42 18 Jimmy Fallon
60%
50 17 Jon Hamm
60%
49 8 Kate McKinnon
60%
41 13 Melissa McCarthy
60%
42 20 Melissa McCarthy
60%
48 12 Pedro Pascal
60%
49 1 Pete Davidson
60%
42 16 Scarlett Johansson
60%
45 9 Scarlett Johansson
60%
44 3 Seth Meyers
60%
48 8 Steve Martin/Martin Short
60%
46 8 Timothee Chalamet
60%
49 4 Timothee Chalamet
60%
50 12# Timothee Chalamet
60%
42 4 Tom Hanks
60%
45 16^ Tom Hanks
60%
42 14 Alec Baldwin
50%
48 18 Ana de Armas
50%
41 15* Ariana Grande
50%
50 3 Ariana Grande
50%
46 1 Chris Rock
50%
50 9 Chris Rock
50%
42 6 Dave Chappelle
50%
48 6 Dave Chappelle
50%
50 11 Dave Chappelle
50%
49 18* Dua Lipa
50%
42 8 Emma Stone
50%
44 18 Emma Stone
50%
49 6 Emma Stone
50%
45 6* Harry Styles
50%
45 8 Jennifer Lopez
50%
42 13 Kristen Stewart
50%
45 5 Kristen Stewart
50%
50 14* Lady Gaga
50%
44 9 Matt Damon
50%
41 1* Miley Cyrus
50%
44 21 Paul Rudd
50%
47 9 Paul Rudd
50%
45 13 RuPaul
50%
41 7 Ryan Gosling
50%
43 1 Ryan Gosling
50%
49 17 Ryan Gosling
50%
42 10 Casey Affleck
40%
45 15 Daniel Craig
40%
42 11 Felicity Jones
40%
41 21 Fred Armisen
40%
47 17 Jake Gyllenhaal
40%
49 20 Jake Gyllenhaal
40%
47 2 Kim Kardashian
40%
48 11 Michael B. Jordan
40%
48 17 Molly Shannon
40%
43 13 Natalie Portman
40%
47 1 Owen Wilson
40%
47 20 Selena Gomez
40%
41 10 Adam Driver
30%
44 1 Adam Driver
30%
45 11 Adam Driver
30%
49 7 Adam Driver
30%
46 4 Adele
30%
46 20 Anya Taylor-Joy
30%
48 10 Aubrey Plaza
30%
49 2* Bad Bunny
30%
41 19 Brie Larson
30%
46 17 Carey Mulligan
30%
41 8 Chris Hemsworth
30%
41 20* Drake
30%
46 18 Elon Musk
30%
42 3 Emily Blunt
30%
50 16 Jack Black
30%
43 8 James Franco
30%
44 8 Jason Momoa
30%
49 5 Jason Momoa
30%
47 4 Jason Sudeikis
30%
41 14 Jonah Hill
30%
44 4 Jonah Hill
30%
42 1 Margot Robbie
30%
48 16 Quinta Brunson
30%
43 7 Saoirse Ronan
30%
49 13 Sydney Sweeney
30%
41 3 Tracy Morgan
30%
41 2 Amy Schumer
20%
43 20 Amy Schumer
20%
48 5 Amy Schumer
20%
46 2 Bill Burr
20%
50 6 Bill Burr
20%
47 8* Billie Eilish
20%
50 7* Charli XCX
20%
44 13 Don Cheadle
20%
44 20 Emma Thompson
20%
43 2 Gal Gadot
20%
43 11 Jessica Chastain
20%
47 5 Kieran Culkin
20%
41 12 Larry David
20%
43 4 Larry David
20%
42 2 Lin-Manuel Miranda
20%
50 10 Martin Short
20%
48 3* Megan Thee Stallion
20%
50 4 Michael Keaton
20%
50 15 Mikey Madison
20%
42 15 Octavia Spencer
20%
44 6 Steve Carrell
20%
47 11 Will Forte
20%
47 15 Zoe Kravitz
20%
47 10 Ariana DeBose
10%
42 12 Aziz Ansari
10%
43 17 Chadwick Boseman
10%
46 11 Dan Levy
10%
43 19 Donald Glover
10%
41 4 Donald Trump
10%
41 5 Elizabeth Banks
10%
44 15 Idris Elba
10%
49 9 Jacob Elordi
10%
50 1 Jean Smart
10%
48 15 Jenna Ortega
10%
45 12 J.J. Watt
10%
42 9 John Cena
10%
46 10 John Krasinski
10%
43 18 John Mulaney
10%
44 14 John Mulaney
10%
45 14 John Mulaney
10%
46 5 John Mulaney
10%
47 13 John Mulaney
10%
50 5 John Mulaney
10%
47 6 Jonathan Majors
10%
49 14 Josh Brolin
10%
48 7 Keke Palmer
10%
47 18* Lizzo
10%
41 6 Matthew McConaughey
10%
48 1 Miles Teller
10%
49 3 Nate Bargatze
10%
50 2 Nate Bargatze
10%
46 14* Nick Jonas
10%
47 14 Oscar Isaac
10%
50 8 Paul Mescal
10%
44 10 Rachel Brosnahan
10%
47 3 Rami Malek
10%
46 12 Regina King
10%
49 12 Shane Gillis
10%
50 13 Shane Gillis
10%
43 5 Tiffany Haddish
10%
48 14 Travis Kelce
10%
47 12 Willem Dafoe
10%
48 9 Austin Butler
0%
44 2 Awkwafina
0%
49 11 Ayo Edebiri
0%
42 5 Benedict Cumberbatch
0%
47 19 Benedict Cumberbatch
0%
48 2 Brendan Gleeson
0%
43 6 Chance The Rapper
0%
45 4* Chance The Rapper
0%
43 14 Charles Barkley
0%
42 19 Chris Pine
0%
44 7 Claire Fox
0%
46 6 Dave Chapelle
0%
45 3 David Harbour
0%
42 21 Dwayne "The Rock" Johnson
0%
44 12* Halsey
0%
46 3 Issa Rae
0%
48 4* Jack Harlow
0%
44 11 James McAvoy
0%
46 7 Jason Bateman
0%
47 16 Jerrod Carmichael
0%
41 18 Julia Louis-Dreyfuss
0%
46 19 Keagan-Michael Key
0%
43 9 Kevin Hart
0%
44 17 Kit Harrington
0%
43 3 Kumail Nanjiani
0%
44 5 Liev Schreiber
0%
42 17 Louis C.K.
0%
47 21 Natasha Lyonne
0%
45 17^ None
0%
41 16 Peter Dinklage
0%
45 2 Phoebe Walker-Birdge
0%
49 15 Ramy Youssef
0%
46 13 Rege-Jean Page
0%
41 11 Ronda Rousey
0%
41 17 Russell Crowe
0%
43 10 Sam Rockwell
0%
44 16 Sandra Oh
0%
47 7 Simu Liu
0%
43 15 Sterling K. Brown
0%
43 12 Will Farrell
0%
45 7 Will Farrell
0%
45 1 Woody Harrelson
0%
48 13 Woody Harrelson
0%
No matching quizzes found
Score Distribution
Percent of People with Each Score
Percentile by Number Answered
Your Score History
You have not taken this quiz since the last reset